The Report of The Controller and Auditor-General to Parliament on The Appropriation Accounts, other Public Accounts and the Accounts of the Funds of the Republic of Kenya for the Year 2006/2007 (Record no. 1011)

MARC details
000 -LEADER
fixed length control field 00503nam a22001217a 4500
008 - FIXED-LENGTH DATA ELEMENTS--GENERAL INFORMATION
fixed length control field 230612b xxu||||| |||| 00| 0 eng d
082 ## - DEWEY DECIMAL CLASSIFICATION NUMBER
Classification number 354.676200723
Item number KEN
245 ## - TITLE STATEMENT
Title The Report of The Controller and Auditor-General to Parliament on The Appropriation Accounts, other Public Accounts and the Accounts of the Funds of the Republic of Kenya for the Year 2006/2007
Statement of responsibility, etc. Government of Kenya
260 ## - PUBLICATION, DISTRIBUTION, ETC. (IMPRINT)
Place of publication, distribution, etc. Kenya
Name of publisher, distributor, etc. Government of Kenya
Date of publication, distribution, etc. 2007
300 ## - PHYSICAL DESCRIPTION
Extent 665 p
710 ## - ADDED ENTRY--CORPORATE NAME
Subordinate unit Government of Kenya
942 ## - ADDED ENTRY ELEMENTS (KOHA)
Source of classification or shelving scheme Dewey Decimal Classification
Koha item type Books
Holdings
Withdrawn status Lost status Source of classification or shelving scheme Damaged status Not for loan Home library Current library Date acquired Total Checkouts Full call number Barcode Date last seen Price effective from Koha item type
    Dewey Decimal Classification     Bunge Tower Library Bunge Tower Library 06/12/2023   354.676200723 KEN 10015326 06/12/2023 06/12/2023 Books
LIBRARY OPENING HOURS

When the Parliament is sitting: 8.00a.m - 7.00p.m or until the house adjourns
Mondays and Fridays and when the House is on Recess:  8.00a.m - 5.00p.m
Closed on Weekends and Public Holidays

Online Public Access Catalog (OPAC)
Website: http://www.parliament.go.ke
Bunge Library: https://libraryir.parliament.go.ke
Contact: library@parliament.go.ke | Tel no: (254-2)2221291 or 2848000 Ext 5043